| Tag |
First Indicator |
Second Indicator |
Subfields |
| LEADER |
00000cam a2200000Ia 4500 |
| 001 |
in00004520321 |
| 005 |
20211220114833.0 |
| 006 |
m d |
| 007 |
cr cn||||||||| |
| 008 |
140201s2014 enka ob 001 0 eng d |
| 035 |
|
|
|a (OCoLC)ocn869640205
|
| 040 |
|
|
|a EBLCP
|b eng
|e pn
|c EBLCP
|d N$T
|d E7B
|d NEH
|d OCLCQ
|d CAMBR
|d YDXCP
|d EUX
|d OCLCQ
|d UAB
|d OCLCO
|d BUF
|d OCLCO
|d UUM
|d OCLCO
|d OCLCF
|d OCLCQ
|d AU@
|d OCLCO
|d OCLCQ
|d OCLCA
|d UKAHL
|d OCLCQ
|d OCLCO
|d OCLCQ
|d OCLCA
|d TMV
|
| 019 |
|
|
|a 871316477
|a 889960708
|a 1071997224
|a 1117878678
|
| 020 |
|
|
|a 9781107728424
|q (electronic bk.)
|
| 020 |
|
|
|a 1107728428
|q (electronic bk.)
|
| 020 |
|
|
|a 9781107731936
|q (electronic bk.)
|
| 020 |
|
|
|a 1107731933
|q (electronic bk.)
|
| 020 |
|
|
|a 9781107723818
|q (electronic bk.)
|
| 020 |
|
|
|a 1107723817
|q (electronic bk.)
|
| 020 |
|
|
|a 9781139382816
|
| 020 |
|
|
|a 1139382810
|
| 020 |
|
|
|a 9781107031777
|q (hardback)
|
| 020 |
|
|
|a 110703177X
|q (hardback)
|
| 035 |
|
|
|a (OCoLC)869640205
|z (OCoLC)871316477
|z (OCoLC)889960708
|z (OCoLC)1071997224
|z (OCoLC)1117878678
|
| 060 |
|
4 |
|a WL 203
|b A2441 2014eb
|
| 049 |
|
|
|a TMVM
|
| 245 |
0 |
0 |
|a Adult hydrocephalus /
|c edited by Daniele Rigamonti.
|
| 264 |
|
1 |
|a Cambridge :
|b Cambridge University Press,
|c [2014]
|
| 264 |
|
4 |
|c ©2014
|
| 300 |
|
|
|a 1 online resource :
|b illustrations
|
| 336 |
|
|
|a text
|b txt
|2 rdacontent
|
| 337 |
|
|
|a computer
|b c
|2 rdamedia
|
| 338 |
|
|
|a online resource
|b cr
|2 rdacarrier
|
| 500 |
|
|
|a Electronic resource.
|
| 500 |
|
|
|a Description based on opening page (viewed Dec 20, 2021).
|
| 504 |
|
|
|a Includes bibliographical references and index.
|
| 650 |
|
0 |
|a Hydrocephalus
|x Etiology.
|
| 650 |
|
0 |
|a Cerebrospinal fluid pressure.
|
| 650 |
|
0 |
|a Hydrocephalus
|x Pathophysiology.
|
| 650 |
|
0 |
|a Hydrocephalus
|x Treatment.
|
| 650 |
|
2 |
|a Hydrocephalus
|x etiology.
|0 (DNLM)D006849Q000209
|
| 650 |
|
2 |
|a Adult.
|0 (DNLM)D000328
|
| 650 |
|
2 |
|a Cerebrospinal Fluid Pressure.
|0 (DNLM)D015170
|
| 650 |
|
2 |
|a Hydrocephalus
|x physiopathology.
|0 (DNLM)D006849Q000503
|
| 650 |
|
2 |
|a Hydrocephalus
|x therapy.
|0 (DNLM)D006849Q000628
|
| 655 |
|
7 |
|a Ebooks.
|2 local
|
| 655 |
|
7 |
|a Electronic books.
|2 local
|
| 700 |
1 |
|
|a Rigamonti, Daniele,
|d 1951-
|
| 856 |
4 |
0 |
|u http://proxy.library.tamu.edu/login?url=https://ebookcentral.proquest.com/lib/tamum-ebooks/detail.action?docID=1578911
|z Connect to the full text of this electronic book.
|t 0
|
| 999 |
f |
f |
|s 2e888714-ce86-3938-8f9d-edfaefea67d6
|i 94b11324-f47f-3d2b-a584-e11b395d5506
|t 0
|
| 952 |
f |
f |
|a Texas A&M University
|b College Station
|c Electronic Resources
|d Available Online
|t 0
|e WL 203 A2441 2014eb
|h National Library of Medicine classification
|
| 998 |
f |
f |
|a WL 203 A2441 2014eb
|t 0
|l Available Online
|